Основы инноватики (Запись № 913657)
[ простой вид ]
| 000 -МАРКЕР | |
|---|---|
| контрольное поле | 02388nam1a2200361 i 4500 |
| 001 - ИДЕНТИФИКАТОР ЗАПИСИ | |
| контрольное поле | RU\NLR\bibl\162004 |
| 005 - ИДЕНТИФИКАТОР ВЕРСИИ | |
| контрольное поле | 20260407131213.0 |
| 035 ## - ДРУГИЕ СИСТЕМНЫЕ НОМЕРА | |
| Идентификатор записи | (NLR Aleph) 000158908 |
| 100 ## - ДАННЫЕ ОБЩЕЙ ОБРАБОТКИ | |
| Данные общей обработки | 20010609g19 9999u y0rusy50 ca |
| 101 0# - ЯЗЫК РЕСУРСА | |
| Язык текста, звукозаписи и т.д. | русский |
| 102 ## - СТРАНА ПУБЛИКАЦИИ ИЛИ ПРОИЗВОДСТВА | |
| Страна публикации | российская федерация |
| 105 ## - ПОЛЕ КОДИРОВАННЫХ ДАННЫХ: ТЕКСТОВЫЕ МАТЕРИАЛЫ, МОНОГРАФИЧЕСКИЕ | |
| Кодированные данные о монографическом текстовом документе | a j ||||| |
| 200 1# - ЗАГЛАВИЕ И СВЕДЕНИЯ ОБ ОТВЕТСТВЕННОСТИ | |
| Основное заглавие | Основы инноватики |
| Сведения, относящиеся к заглавию | Учеб. пособие для студентов вузов, обучающихся по специализации (или спец.) "Упр. инновац. проектами", "Инновац. менеджмент", "Упр. инновациями" |
| Первые сведения об ответственности | [Портников Борис Александрович, к.т.н., проф., Султанов Наиль Закиевич, д.т.н., проф., Султанов Марат Наильевич и др.] |
| Последующие сведения об ответственности | Под науч. ред. к.т.н., проф. Б.А. Портникова |
| -- | М-во образования Рос. Федерации, Оренбург. гос. ун-т |
| 210 ## - ПУБЛИКАЦИЯ, РАСПРОСТРАНЕНИЕ И ДР. | |
| Место издания, распространения и т.д. | Оренбург |
| Имя издателя, распространителя и т. д. | ОГУ |
| Дата издания, распространения и т.д. | 2000 |
| 215 ## - ФИЗИЧЕСКАЯ ХАРАКТЕРИСТИКА | |
| Размеры | 22 |
| 300 ## - ОБЩИЕ ПРИМЕЧАНИЯ | |
| Текст примечания | На обл. авт.: Б.А. Портников |
| 463 #0 - УРОВЕНЬ ФИЗИЧЕСКОЙ ЕДИНИЦЫ | |
| Встроенное поле | 001159154 |
| 463 #0 - УРОВЕНЬ ФИЗИЧЕСКОЙ ЕДИНИЦЫ | |
| Встроенное поле | 001164436 |
| 606 ## - НАИМЕНОВАНИЕ ТЕМЫ КАК ПРЕДМЕТ | |
| Наименование темы | Инновационная деятельность |
| Формальный подзаголовок | Руководства, пособия и т.п. для высшей школы |
| Системный номер авторитетной/нормативной записи | 2104761 |
| Идентификатор авторитетной/нормативной записи | RU\NLR\auth\661272548 |
| 606 ## - НАИМЕНОВАНИЕ ТЕМЫ КАК ПРЕДМЕТ | |
| Наименование темы | Инновационная деятельность |
| Формальный подзаголовок | Учебные издания для высшей школы |
| Системный номер авторитетной/нормативной записи | 2104761 |
| Идентификатор авторитетной/нормативной записи | RU\NLR\auth\661272548 |
| 606 ## - НАИМЕНОВАНИЕ ТЕМЫ КАК ПРЕДМЕТ | |
| Наименование темы | Менеджмент инновационный |
| Формальный подзаголовок | Руководства, пособия и т.п. для высшей школы |
| Системный номер авторитетной/нормативной записи | 2086651 |
| Идентификатор авторитетной/нормативной записи | RU\NLR\auth\661262795 |
| 606 ## - НАИМЕНОВАНИЕ ТЕМЫ КАК ПРЕДМЕТ | |
| Наименование темы | Менеджмент инновационный |
| Формальный подзаголовок | Учебные издания для высшей школы |
| Системный номер авторитетной/нормативной записи | 2086651 |
| Идентификатор авторитетной/нормативной записи | RU\NLR\auth\661262795 |
| 686 ## - ИНДЕКСЫ ДРУГИХ КЛАССИФИКАЦИЙ | |
| Индекс | У9(2)-55-21(2Р)я73 |
| 701 #1 - ИМЯ ЛИЦА - АЛЬТЕРНАТИВНАЯ ОТВЕТСТВЕННОСТЬ | |
| Начальный элемент ввода | Портников |
| Часть имени, кроме начального элемента ввода | Б. А. |
| Расширение инициалов личного имени | Борис Александрович |
| Код отношения | Автор |
| 701 #1 - ИМЯ ЛИЦА - АЛЬТЕРНАТИВНАЯ ОТВЕТСТВЕННОСТЬ | |
| Начальный элемент ввода | Султанов |
| Часть имени, кроме начального элемента ввода | Н. З. |
| Расширение инициалов личного имени | Наиль Закиевич |
| Код отношения | Автор |
| 701 #1 - ИМЯ ЛИЦА - АЛЬТЕРНАТИВНАЯ ОТВЕТСТВЕННОСТЬ | |
| Начальный элемент ввода | Султанов |
| Часть имени, кроме начального элемента ввода | М. Н. |
| Расширение инициалов личного имени | Марат Наильевич |
| Код отношения | Автор |
| 712 02 - НАИМЕНОВАНИЕ ОРГАНИЗАЦИИ - ВТОРИЧНАЯ ОТВЕТСТВЕННОСТЬ | |
| Код отношения | Прочие |
| Начальный элемент ввода | Оренбургский государственный университет |
| Идентификатор авторитетной/нормативной записи | RU\NLR\AUTH\889983002 |
| Системный номер авторитетной/нормативной записи | 461907 |
| 801 #0 - ИСТОЧНИК ЗАПИСИ | |
| Страна | российская федерация |
| Организация | NLR |
| Дата составления | 20010609 |
| Правила каталогизации | PSBO |
| 801 #1 - ИСТОЧНИК ЗАПИСИ | |
| Страна | российская федерация |
| Организация | NLR |
| Дата составления | 20010609 |
| 852 ## - МЕСТОНАХОЖДЕНИЕ И ШИФР ХРАНЕНИЯ | |
| Идентификатор организации | NLR |
| Шифр хранения (Call Number) | 2001-5/1408 |
| 942 ## - ДОПОЛНИТЕЛЬНЫЕ ЭЛЕМЕНТЫ ЗАПИСИ (АБИС) | |
| Тип экземпляра АБИС | Книга |
Нет доступных экземпляров.